000
002630000a22000970004500
100
1
_a
Na'aman, Nadav
245
1
0
_a
Azariah of Judah and Jeroboam II of Israel
300
_a
Vol. 43, Num. 2 (Abril, 1993), Páginas 227-234
773
0
_t
Vetus Testamentum
942
_c
ANA
999
_c
57808
_d
57808